000 00208 a2200097 4500
001 7102
100 _aBahl, B.S
245 _aEssentials of physical chemistry
260 _a
_bS Chand
_c
090 _c5872
_d5872
942 _aNUST-CAE
_cM
_c32347
999 _c242175
_d242175